| 000 | 00000nas 2200000zi 4500 |
| 001 | 9.940766 |
| 003 | CaOODSP |
| 005 | 20240719114432 |
| 006 | m o d f |
| 007 | cr cn |||||||| |
| 008 | 240719c20219999oncar p o f0### 0eng|d |
| 040 | |aCaOODSP|beng|erda|cCaOODSP |
| 041 | |aeng|afre |
| 043 | |an-cn--- |
| 086 | 1 |aK21-71-PDF |
| 110 | 2 |aCanada Council for the Arts.|eauthor, |eissuing body. |
| 245 | 10|aRéalisations ... pour la mise en oeuvre de l'article 41 : |bpartie VII de la Loi sur les langues officielles = ... achievements for the implementation of section 41 : Part VII of the Official Languages Act. |
| 246 | 31|aAchievements for the implementation of section 41 : |bPart VII of the Official Languages Act |
| 264 | 1|a[Ottawa] : |b[Canada Council for the Arts = Conseil des arts du Canada], |c[2021?]- |
| 310 | |aAnnual |
| 336 | |atext|btxt|2rdacontent |
| 337 | |acomputer|bc|2rdamedia |
| 338 | |aonline resource|bcr|2rdacarrier |
| 362 | 1 |aBegan with 2020/2021? |
| 500 | |a"Patrimoine canadien = Canadian Heritage." |
| 546 | |aText in English and French in parallel columns. |
| 588 | |aDescription based on: 2020/2021; title from PDF caption. |
| 588 | |aLatest issue consulted: 2022/2023. |
| 610 | 20|aCanada Council for the Arts|vPeriodicals. |
| 610 | 10|aCanada. |tOfficial Languages Act (1988)|vPeriodicals. |
| 650 | 0|aBilingualism|zCanada|vPeriodicals. |
| 650 | 0|aLanguage policy|zCanada|vPeriodicals. |
| 655 | 7|aPeriodicals|2lcgft |
| 710 | 1 |aCanada. |bCanadian Heritage, |eissuing body. |
| 788 | |tRéalisations ... pour la mise en oeuvre de l'article 41 : |efre|w(CaOODSP)9.940765 |